000 00362nam a2200145Ia 4500
008 100122s9999 xx 000 0 und d
082 _b20171
_a823
100 _aदिवेकर कृ ज
245 _aगती
260 _bरंजना प्रकाशन
_c1974
300 _a182
630 _aगती
730 _aगती
942 _cBOOK
999 _c408903
_d408900